|
|
|
|
| LEADER |
04106nam a2200541 4500 |
| 001 |
978-3-319-61667-4 |
| 003 |
DE-He213 |
| 005 |
20190704061552.0 |
| 007 |
cr nn 008mamaa |
| 008 |
180130s2018 gw | s |||| 0|eng d |
| 020 |
|
|
|a 9783319616674
|9 978-3-319-61667-4
|
| 024 |
7 |
|
|a 10.1007/978-3-319-61667-4
|2 doi
|
| 040 |
|
|
|d GrThAP
|
| 050 |
|
4 |
|a QE514-516.5
|
| 072 |
|
7 |
|a RBGK
|2 bicssc
|
| 072 |
|
7 |
|a SCI019000
|2 bisacsh
|
| 072 |
|
7 |
|a RBGK
|2 thema
|
| 082 |
0 |
4 |
|a 551.9
|2 23
|
| 245 |
1 |
4 |
|a The Role of Halogens in Terrestrial and Extraterrestrial Geochemical Processes
|h [electronic resource] :
|b Surface, Crust, and Mantle /
|c edited by Daniel E. Harlov, Leonid Aranovich.
|
| 250 |
|
|
|a 1st ed. 2018.
|
| 264 |
|
1 |
|a Cham :
|b Springer International Publishing :
|b Imprint: Springer,
|c 2018.
|
| 300 |
|
|
|a VI, 1030 p. 262 illus., 225 illus. in color.
|b online resource.
|
| 336 |
|
|
|a text
|b txt
|2 rdacontent
|
| 337 |
|
|
|a computer
|b c
|2 rdamedia
|
| 338 |
|
|
|a online resource
|b cr
|2 rdacarrier
|
| 347 |
|
|
|a text file
|b PDF
|2 rda
|
| 490 |
1 |
|
|a Springer Geochemistry,
|x 2366-6285
|
| 505 |
0 |
|
|a The Role of Halogens in Terrestrial and Extraterrestrial Geochemical Processes: Surface, Crust, and Mantle -- Halogens in Terrestrial and Cosmic Geochemical Systems: Abundances, Geochemical Behaviors, and Analytical Methods -- Halogen-Rich Minerals: Crystal Chemistry and Geological Significances -- Halogen Elements in Sedimentary Systems and their Evolution During Diagenesis -- Halogen Geochemistry of Ore Deposits: Contributions Towards Understanding Sources and Processes -- Halogens in Mafic and Intermediate-Silica Content Magmas -- Halogens in Silicic Magmas and their Hydrothermal Systems -- The Behavior of Halogens during Subduction-Zone Processes -- Halogens in Seawater, Marine Sediments and the Altered Oceanic Crust and Lithosphere -- The Role of Halogens during Regional and Contact Metamorphism -- Halogens in High-Grade Metamorphism -- Halogens in Hydrothermal Fluids and their Role in the Formation and Evolution of Hydrothermal Mineral Systems -- The role of Halogens in the Lithospheric Mantle -- Halogens in the Earth's Mantle: What we know and what we don't -- Halogens in Chondritic Meteorites -- The role of Halogens During Fluid and Magmatic Processes on Mars -- Halogens on and within the Ocean Worlds of the Outer Solar System.
|
| 520 |
|
|
|a The book summarizes the knowledge and experiences concerning the role of halogens during various geochemical processes, such as diagenesis, ore-formation, magma evolution, metasomatism, mineralization, and metamorphism in the crust and mantle of the Earth. It comprises the role of halogens in other terrestrial worlds like volatile-rich asteroids, Mars, and the ice moons of Jupiter and Saturn. Review chapters outline and expand upon the basis of our current understanding regarding how halogens contribute to the geochemical/geophysical evolution and stability of terrestrial worlds overall.
|
| 650 |
|
0 |
|a Geochemistry.
|
| 650 |
|
0 |
|a Mineralogy.
|
| 650 |
|
0 |
|a Environmental chemistry.
|
| 650 |
|
0 |
|a Planetology.
|
| 650 |
1 |
4 |
|a Geochemistry.
|0 http://scigraph.springernature.com/things/product-market-codes/G14003
|
| 650 |
2 |
4 |
|a Mineralogy.
|0 http://scigraph.springernature.com/things/product-market-codes/G38000
|
| 650 |
2 |
4 |
|a Environmental Chemistry.
|0 http://scigraph.springernature.com/things/product-market-codes/U15000
|
| 650 |
2 |
4 |
|a Planetology.
|0 http://scigraph.springernature.com/things/product-market-codes/G18010
|
| 700 |
1 |
|
|a Harlov, Daniel E.
|e editor.
|4 edt
|4 http://id.loc.gov/vocabulary/relators/edt
|
| 700 |
1 |
|
|a Aranovich, Leonid.
|e editor.
|4 edt
|4 http://id.loc.gov/vocabulary/relators/edt
|
| 710 |
2 |
|
|a SpringerLink (Online service)
|
| 773 |
0 |
|
|t Springer eBooks
|
| 776 |
0 |
8 |
|i Printed edition:
|z 9783319616650
|
| 776 |
0 |
8 |
|i Printed edition:
|z 9783319616667
|
| 776 |
0 |
8 |
|i Printed edition:
|z 9783319871295
|
| 830 |
|
0 |
|a Springer Geochemistry,
|x 2366-6285
|
| 856 |
4 |
0 |
|u https://doi.org/10.1007/978-3-319-61667-4
|z Full Text via HEAL-Link
|
| 912 |
|
|
|a ZDB-2-EES
|
| 950 |
|
|
|a Earth and Environmental Science (Springer-11646)
|